Náboženstvo a súčasnosť

Bibliographic Details
Format: Serial
Language:Slovak
Published: Bratislava [vydavateľ nie je známy] 1982-1990
Subjects:

MARC

LEADER 00000cas a22000004a 4500
001 vtls001222575
003 SK-MaSNL
005 20260228162021.0
008 960412d19821990xo uu 0 0b0slo
035 |a SNK000168248 
040 |a SNK  |b slo  |c SNK  |e AACR2 
041 0 |a slo 
044 |a xo  |c SK 
080 |a 21/29-1/-9  |2 2011 
080 |a (051)-048.55  |2 2011 
245 0 0 |a Náboženstvo a súčasnosť 
260 |a Bratislava  |b [vydavateľ nie je známy]  |c 1982-1990 
310 |a Periodicita nie je známa 
362 0 |a [1982-1990] 
500 |a Popis podľa: č. 1(1990) 
650 0 7 |a náboženstvo  |2 SNKPH  |9 2023 
655 7 |a špecializované časopisy  |2 SNKPH  |9 70509 
850 |a Slovenská národná knižnica v Martine 
958 |a OND 
999 |c 6464  |d 8394 
952 |0 0  |1 0  |4 0  |7 0  |a SNK  |b SNK  |d 1996-10-15  |i snkD 1035/96  |l 0  |o snkČSB 4586/1985  |p 17A0013734  |r 2005-01-01 00:00:00  |w 2026-02-21  |y PREZ 
952 |0 0  |1 0  |4 0  |7 0  |a SNK  |b SNK  |d 1996-10-15  |i snkD 1027/96  |l 0  |o snkČSB 4586/1989  |p 17A0013726  |r 2005-01-01 00:00:00  |w 2026-02-21  |y PREZ 
952 |0 0  |1 0  |4 0  |7 0  |a SNK  |b SNK  |d 1996-10-15  |i snkD 1036/96  |l 0  |o snkČSB 4586/1985 D1  |p 17A0013733  |r 2005-01-01 00:00:00  |w 2026-02-21  |y PREZ 
952 |0 0  |1 0  |4 0  |7 0  |8 1  |a SNK  |b SNK  |d 1996-10-15  |i snkD 1033/96  |l 0  |o snkČSB 4586/1984  |p 17A0013732  |r 2005-01-01 00:00:00  |t č. 1-5  |w 2026-02-21  |y PREZ 
952 |0 0  |1 0  |4 0  |7 0  |8 1  |a SNK  |b SNK  |d 1996-10-15  |i snkD 1034/96  |l 0  |o snkČSB 4586/1984 D1  |p 17A0013731  |r 2005-01-01 00:00:00  |w 2026-02-21  |y PREZ 
952 |0 0  |1 0  |4 0  |7 0  |a SNK  |b SNK  |d 1996-10-15  |i snkD 1031/96  |l 0  |o snkČSB 4586/1986  |p 17A0013730  |r 2005-01-01 00:00:00  |w 2026-02-21  |y PREZ 
952 |0 0  |1 0  |4 0  |7 0  |a SNK  |b SNK  |d 1996-10-15  |i snkD 1032/96  |l 0  |o snkČSB 4586/1986 D1  |p 17A0013729  |r 2005-01-01 00:00:00  |w 2026-02-21  |y PREZ 
952 |0 0  |1 0  |4 0  |7 0  |a SNK  |b SNK  |d 1996-10-15  |i snkD 1029/96  |l 0  |o snkČSB 4586/1987  |p 17A0013728  |r 2005-01-01 00:00:00  |w 2026-02-21  |y PREZ 
952 |0 0  |1 0  |4 0  |7 0  |a SNK  |b SNK  |d 1996-10-15  |i snkD 1030/96  |l 0  |o snkČSB 4586/1987 D1  |p 17A0013727  |r 2005-01-01 00:00:00  |w 2026-02-21  |y PREZ 
952 |0 0  |1 0  |4 0  |7 0  |a SNK  |b SNK  |d 1996-10-15  |i snkD 1028/96  |l 0  |o snkČSB 4586/1989 D1  |p 17A0013725  |r 2005-01-01 00:00:00  |w 2026-02-21  |y PREZ 
952 |0 0  |1 0  |4 0  |7 0  |a SNK  |b SNK  |d 1996-10-15  |i snkD 1025/96  |l 0  |o snkČSB 4586/1988  |p 17A0013724  |r 2005-01-01 00:00:00  |w 2026-02-21  |y PREZ 
952 |0 0  |1 0  |4 0  |7 0  |a SNK  |b SNK  |d 1996-10-15  |i snkD 1026/96  |l 0  |o snkČSB 4586/1988 D1  |p 17A0013723  |r 2005-01-01 00:00:00  |w 2026-02-21  |y PREZ 
952 |0 0  |1 0  |4 0  |7 0  |a SNK  |b SNK  |d 1998-05-19  |l 0  |o snkČSB 4586/1988  |p 17A0142984  |r 2005-01-01 00:00:00  |w 2026-02-21  |y PREZ 
952 |0 0  |1 0  |4 0  |7 0  |a SNK  |b SNK  |d 1996-10-15  |i snkD 1022/96  |l 0  |o snkČSB 4586/1982  |p 17A0504640  |r 2005-01-01 00:00:00  |w 2026-02-21  |y PREZ 
952 |0 0  |1 0  |4 0  |7 0  |a SNK  |b SNK  |d 1996-10-15  |i snkD 1023/96  |l 0  |o snkČSB 4586/1983  |p 17A0013716  |r 2005-01-01 00:00:00  |w 2026-02-21  |y PREZ 
952 |0 0  |1 0  |4 0  |7 0  |8 1  |a SNK  |b SNK  |d 2015-06-09  |i snk2015/17927  |l 0  |o snkČSB 4586/1990  |p 17A1096123  |r 2026-02-21 21:45:36  |t len č. 1  |w 2026-02-21  |y PREZ